000 00658nam a2200229Ia 4500
001 10311
003 GE_BSU
008 181216s||||||||xx |||||||||||||| ||und||
040 _cGE_BSU
080 _a821.353.1-31
100 _aფანჯიკიძე,გურამ
245 _aსპირალი
245 _bრომანი
245 _cრედ:ლია არაბიძე;მხატვ:.სპ.ცინცაძე
260 _aთბილისი.
260 _bმერანი.
260 _c1989
300 _a687გვ;21სმ.
653 _aრომანი
653 _aსპირალი
942 _cBK
999 _c43578
_d43578